Internal Quality assurance cell (IQAC): report 2004-2005. (Record no. 213996)
[ view plain ]
| 000 -LEADER | |
|---|---|
| fixed length control field | 00454nam a2200157Ia 4500 |
| 008 - FIXED-LENGTH DATA ELEMENTS--GENERAL INFORMATION | |
| fixed length control field | 210719s2005 xx 000 0 und d |
| 041 ## - LANGUAGE CODE | |
| Language code of text/sound track or separate title | eng |
| 082 ## - DEWEY DECIMAL CLASSIFICATION NUMBER | |
| Classification number | 378.14 STAI |
| 100 ## - MAIN ENTRY--PERSONAL NAME | |
| Personal name | ST ALOYSIUS COLLEGE |
| 245 ## - TITLE STATEMENT | |
| Title | Internal Quality assurance cell (IQAC): report 2004-2005. |
| 260 ## - PUBLICATION, DISTRIBUTION, ETC. | |
| Place of publication, distribution, etc. | Mangalore |
| Name of publisher, distributor, etc. | St. Aloysius College |
| Date of publication, distribution, etc. | 2005 |
| 300 ## - PHYSICAL DESCRIPTION | |
| Extent | 35 |
| Other physical details | PB |
| 365 ## - TRADE PRICE | |
| Currency code | Rs |
| 650 ## - SUBJECT ADDED ENTRY--TOPICAL TERM | |
| Topical term or geographic name entry element | St. Aloysius College |
| 906 ## - LOCAL DATA ELEMENT F, LDF (RLIN) | |
| a | Internal Quality Assurance Cell NAAC |
| Withdrawn status | Lost status | Damaged status | Not for loan | Collection code | Home library | Current library | Date acquired | Total Checkouts | Full call number | Barcode | Date last seen | Price effective from | Koha item type |
|---|---|---|---|---|---|---|---|---|---|---|---|---|---|
| St Aloysius Library | St Aloysius Library | 01/23/2006 | 378.14 STAI | D02605 | 07/19/2021 | 07/19/2021 | Donated Books |